|
|
|
|
| LEADER |
00928nab a2200241 i 4500 |
| 001 |
misc65246 |
| 005 |
20231026123406.0 |
| 008 |
230928s1957 hu o 0|| ger d |
| 040 |
|
|
|a SZTE Miscellanea Repozitórium
|b hun
|
| 041 |
|
|
|a ger
|
| 100 |
1 |
|
|a Wittek Paul
|
| 245 |
1 |
0 |
|a Franz Babinger, Mehmed der Eroberen und seine Zeit. Weltenstürmer einer Zeitenwende. München, Bruckmann, 1953
|h [elektronikus dokumentum] /
|c Wittek Paul
|
| 260 |
|
|
|a Nederlands Instituut voor het Nabije Oosten
|b Leiden
|c 1957
|
| 300 |
|
|
|a 262-263
|c 31 cm
|
| 300 |
|
|
|a [2] p.
|c 31 cm
|
| 490 |
0 |
|
|a Bibliotheca Orientalis
|
| 561 |
|
|
|a Németh Gyula hagyaték
|
| 591 |
|
|
|a NOA 6447
|
| 650 |
|
4 |
|a Bölcsészettudományok
|
| 650 |
|
4 |
|a Történettudomány és régészet
|
| 695 |
|
|
|a Oszmán Birodalom története - 15. sz. - könyvismertetés
|
| 700 |
0 |
1 |
|a Babinger Franz
|
| 856 |
4 |
0 |
|u http://misc.bibl.u-szeged.hu/65246/1/6447_noa.pdf
|z Dokumentum-elérés
|